[Event "OLNW 2324 SV Hellern - SV Werder Bremen "]
[Site "?"]
[Date "2024.04.28"]
[Round "9.7"]
[White "Chitsazian, Daniel"]
[Black "Kovermann, Peter"]
[Result "1-0"]
[WhiteElo "2049"]
[BlackElo "1996"]
[PlyCount "119"]
[EventDate "2024.??.??"]

1. Nf3 Nf6 2. g3 g6 3. Bg2 Bg7 4. O-O O-O 5. d4 d5 6. c4 dxc4 7. Na3 c3 8. bxc3 c5 9. e3 Nc6 10. Qe2 Bg4 11. Rd1 Ne4 12. Qc2 Nf6 13. d5 Bf5 14. Qe2 Na5 15. Nh4 Ne4 16. Bxe4 Bxe4 17. f3 g5 18. fxe4 gxh4 19. Bb2 hxg3 20. c4 Qd7 21. Bxg7 Kxg7 22. Kh1 Kh8 23. Rg1 Rg8 24. Rg2 Rg6 25. Rf1 f6 26. e5 Qg4 27. Qxg4 Rxg4 28. exf6 exf6 29. Rxg3 Rxg3 30. hxg3 Kg7 31. Kg2 Re8 32. Kf3 Re5 33. g4 h5 34. Rg1 Kf7 35. e4 Rg5 36. Rg3 hxg4+ 37. Rxg4 Rh5 38. Kg2 Re5 39. Rh4 Kg7 40. Kf3 f5 41. exf5 Rxf5+ 42. Ke3 Rf1 43. Nb5 Re1+ 44. Kd3 Ra1 45. Nxa7 Kf6 46. Rh6+ Ke5 47. Re6+ Kf5 48. Nc8 Rd1+ 49. Kc2 Rd4 50. Nd6+ Kf4 51. Kc3 Rd1 52. Re4+ Kf3 53. Re7 Rd4 54. Rc7 b6 55. Re7 Kf4 56. Re8 b5 57. cxb5 Rxd5 58. Nc4 Nb7 59. Re7 Nd8 60. a4 1-0

[Event "OLNW 2324 SV Hellern - SV Werder Bremen "]
[Site "?"]
[Date "2024.04.28"]
[Round "9.8"]
[White "Kamps, Manuel"]
[Black "Weidenhoefer, Max"]
[Result "0-1"]
[WhiteElo "1754"]
[BlackElo "2134"]
[PlyCount "76"]
[EventDate "2024.??.??"]

1. d4 d5 2. Bf4 Nf6 3. e3 e6 4. Nd2 Bd6 5. Ngf3 Bxf4 6. exf4 O-O 7. Bd3 b6 8. O-O c5 9. c3 Ba6 10. Bxa6 Nxa6 11. Re1 Nb8 12. Ne5 Qd6 13. Ndf3 Nc6 14. Nxc6 Qxc6 15. Ne5 Qc7 16. Re3 Rac8 17. g4 cxd4 18. Qxd4 Qc5 19. Rd1 Rc7 20. Rh3 Ne4 21. c4 f6 22. cxd5 Qxd4 23. Rxd4 Nxf2 24. Kxf2 fxe5 25. Rb4 exd5 26. f5 g6 27. Rf3 e4 28. Rg3 gxf5 29. gxf5+ Rg7 30. Rxg7+ Kxg7 31. Ke3 Rxf5 32. Ra4 a5 33. b4 Rf3+ 34. Ke2 axb4 35. Rxb4 Rh3 36. Rd4 Rxh2+ 37. Ke3 Rh3+ 38. Ke2 Rd3 0-1

[Event "OLNW 2324 Hamelner SV - Braunschweig Gli"]
[Site "?"]
[Date "2024.04.28"]
[Round "9.1"]
[White "Riemay, David"]
[Black "Bode, Wilfried"]
[Result "0-1"]
[WhiteElo "2197"]
[BlackElo "2341"]
[PlyCount "76"]
[EventDate "2024.??.??"]

1. e4 e5 2. Nc3 Bc5 3. Bc4 Nf6 4. d3 c6 5. Bb3 O-O 6. Bg5 Be7 7. Nge2 d6 8. O-O Nbd7 9. Qd2 Nc5 10. Be3 a5 11. Bxc5 dxc5 12. a4 Nh5 13. Qe3 b6 14. Qf3 g6 15. Ng3 Ng7 16. Bc4 Ra7 17. Nd1 Bd6 18. Ra3 Qh4 19. Rb3 Bg4 20. Qe3 Rb7 21. Qe1 Bd7 22. Ne3 Rbb8 23. Ba6 Bc7 24. Ne2 Rbe8 25. f3 Qd8 26. Bc4 Kh8 27. g4 Ne6 28. c3 Nf4 29. Nxf4 exf4 30. Nc2 f5 31. gxf5 gxf5 32. Kh1 Be6 33. Na3 Bxc4 34. Nxc4 Qxd3 35. Nxb6 c4 36. Nxc4 Qxc4 37. Rb7 Rf7 38. Rg1 Qa6 0-1

[Event "OLNW 2324 Hamelner SV - Braunschweig Gli"]
[Site "?"]
[Date "2024.04.28"]
[Round "9.2"]
[White "Tonndorf, Matthias"]
[Black "Reller, Ole"]
[Result "1-0"]
[WhiteElo "2166"]
[BlackElo "2069"]
[PlyCount "95"]
[EventDate "2024.??.??"]

1. Nf3 d5 2. b3 Nf6 3. Bb2 g6 4. Bxf6 exf6 5. d4 Bb4+ 6. c3 Bd6 7. g3 Nd7 8. Bg2 c6 9. e3 f5 10. Qc2 Nf6 11. Nbd2 O-O 12. O-O Be6 13. c4 b5 14. c5 Bc7 15. b4 a5 16. a4 bxa4 17. Qxa4 Qd7 18. Rfb1 Rfb8 19. Bf1 Ne4 20. Nxe4 fxe4 21. Nd2 Qe8 22. b5 cxb5 23. Bxb5 Rxb5 24. Qxb5 Qd8 25. Qe2 h5 26. f3 exf3 27. Nxf3 Bg4 28. Qf2 Qf6 29. Nh4 Qe6 30. Ng2 Bf5 31. Rb3 Be4 32. Nf4 Qd7 33. Rb7 Qc6 34. Qb2 Bxf4 35. exf4 Qc8 36. Ra3 h4 37. Rxa5 Rxa5 38. Rb8 Ra1+ 39. Kf2 Qxb8 40. Qxb8+ Kg7 41. gxh4 Ra2+ 42. Ke3 Ra3+ 43. Kd2 Kh7 44. Qb7 Rd3+ 45. Ke2 Rxd4 46. Qxf7+ Kh6 47. Qf6 Rc4 48. Qh8# 1-0

[Event "OLNW 2324 Hamelner SV - Braunschweig Gli"]
[Site "?"]
[Date "2024.04.28"]
[Round "9.3"]
[White "Cebulla, Konstantin"]
[Black "Renner, Kai"]
[Result "1/2-1/2"]
[WhiteElo "2085"]
[BlackElo "2079"]
[PlyCount "50"]
[EventDate "2024.??.??"]

1. d4 f5 2. Nc3 Nf6 3. Bg5 d5 4. Bxf6 exf6 5. e3 Be6 6. Bb5+ c6 7. Bd3 Nd7 8. Qf3 g6 9. h4 h5 10. Nge2 Bd6 11. Nf4 Bf7 12. g3 Qe7 13. O-O O-O-O 14. a3 Kb8 15. b4 g5 16. Ng2 Be6 17. b5 g4 18. Qd1 c5 19. dxc5 Be5 20. Na4 Nxc5 21. Nxc5 Qxc5 22. Nf4 Bxf4 23. exf4 d4 24. a4 Rhe8 25. Re1 Qc3 1/2-1/2

[Event "OLNW 2324 Hamelner SV - Braunschweig Gli"]
[Site "?"]
[Date "2024.04.28"]
[Round "9.4"]
[White "Poschadel, Andreas Gregor"]
[Black "Clemens, Christian"]
[Result "0-1"]
[WhiteElo "2079"]
[BlackElo "2160"]
[PlyCount "56"]
[EventDate "2024.??.??"]

1. e4 Nf6 2. e5 Nd5 3. Nf3 d6 4. d4 dxe5 5. Nxe5 c6 6. Bd3 Nd7 7. O-O Nxe5 8. dxe5 g6 9. a3 Bg7 10. Qe2 O-O 11. Rd1 Qc7 12. c4 Nb6 13. Bf4 Be6 14. h3 Nd7 15. Re1 Rad8 16. Bc2 Qb6 17. b3 Qd4 18. Bd2 Qxa1 19. Bc3 Qa2 20. Bb4 Bf5 21. Bxf5 Qxe2 22. Rxe2 gxf5 23. Bxe7 Nxe5 24. Bxf8 Rd1+ 25. Kh2 Kxf8 26. Nd2 Nd3 27. Nf3 Nc1 28. Re3 Rd3 0-1

[Event "OLNW 2324 Hamelner SV - Braunschweig Gli"]
[Site "?"]
[Date "2024.04.28"]
[Round "9.5"]
[White "Horn, Matthias"]
[Black "Koch, Yannick"]
[Result "1/2-1/2"]
[WhiteElo "2138"]
[BlackElo "1986"]
[PlyCount "193"]
[EventDate "2024.??.??"]

1. Nf3 Nf6 2. c4 e6 3. d4 Bb4+ 4. Bd2 Qe7 5. g3 Nc6 6. Bg2 O-O 7. O-O Bxd2 8. Nbxd2 d6 9. e4 a5 10. Qc2 e5 11. d5 Nb8 12. Ne1 Na6 13. Nd3 Bd7 14. a3 a4 15. Rae1 Ng4 16. h3 Nh6 17. f4 f6 18. Nf3 Rab8 19. Qc3 Nf7 20. Rf2 b5 21. Nd2 bxc4 22. Nb4 Nxb4 23. axb4 Rb7 24. Nxc4 Rfb8 25. Na5 Rxb4 26. Qxc7 Rc8 27. Qa7 Qd8 28. Nc6 Bxc6 29. dxc6 Rxc6 30. Ree2 Qb8 31. Qe7 Rc7 32. Qe6 Qc8 33. Qa2 Rc1+ 34. Kh2 Qc4 35. Qxc4 Rbxc4 36. Bf3 Kf8 37. Kg2 Ke7 38. Re3 Nd8 39. fxe5 dxe5 40. Ra3 Ne6 41. b3 axb3 42. Rxb3 Nc5 43. Ra3 Ne6 44. Ra7+ Rc7 45. Ra3 Re1 46. Rb2 Rec1 47. Rf2 Nd4 48. Ra4 Kd6 49. Ra6+ R1c6 50. Ra5 Rc2 51. Bg4 Rxf2+ 52. Kxf2 Rc2+ 53. Kf1 Rc7 54. Kf2 g6 55. Ra6+ Nc6 56. h4 Kc5 57. Ra1 Rb7 58. Rc1+ Kd6 59. Ra1 Rb2+ 60. Kf1 Rb4 61. Rd1+ Rd4 62. Re1 Rd2 63. Ra1 Rd4 64. Re1 Kc5 65. Be6 Rd6 66. Bg8 Rd7 67. Be6 Ra7 68. Bd5 Nd4 69. Rc1+ Kd6 70. Rb1 f5 71. Rb6+ Kc5 72. Rb8 fxe4 73. Bxe4 Rf7+ 74. Kg2 Ne2 75. Rd8 Nc3 76. Bc2 e4 77. Re8 Kd4 78. Rd8+ Ke3 79. Bb3 Rf2+ 80. Kh3 h5 81. Bc4 Ne2 82. Bxe2 Kxe2 83. Rd6 e3 84. g4 Rf3+ 85. Kg2 hxg4 86. Rxg6 Rf2+ 87. Kg3 Rf1 88. h5 Rg1+ 89. Kh2 Ra1 90. h6 Ra5 91. Kg3 Rh5 92. Kxg4 Rh1 93. Rd6 Kf2 94. Rf6+ Kg2 95. Re6 Kf2 96. Rf6+ Kg2 97. Re6 1/2-1/2

[Event "OLNW 2324 Hamelner SV - Braunschweig Gli"]
[Site "?"]
[Date "2024.04.28"]
[Round "9.6"]
[White "van Son, Lutz"]
[Black "Cichy, Michael"]
[Result "0-1"]
[WhiteElo "2152"]
[BlackElo "1999"]
[PlyCount "104"]
[EventDate "2024.??.??"]

1. e4 c5 2. Nf3 e6 3. d3 Nc6 4. g3 d5 5. Nbd2 Nf6 6. Bg2 Be7 7. O-O b6 8. Re1 Bb7 9. e5 Nd7 10. Nf1 Qc7 11. Bf4 h6 12. h4 O-O-O 13. Qd2 Rdg8 14. g4 g5 15. hxg5 hxg5 16. Bg3 Nf8 17. N1h2 Ng6 18. c3 Qd8 19. d4 Kb8 20. Rab1 Nh4 21. Bxh4 gxh4 22. Bh3 Qf8 23. dxc5 Bxc5 24. b4 Be7 25. Nd4 Nxd4 26. Qxd4 f5 27. Kf1 fxg4 28. Bxg4 Ba6+ 29. b5 Bc8 30. f3 Bc5 31. Qd2 Rh7 32. Ke2 Rhg7 33. Rf1 Rg5 34. Rbe1 Rxe5+ 35. Kd1 Rxe1+ 36. Rxe1 Qf6 37. Kc2 Bd6 38. Nf1 Rg7 39. Qe3 Rc7 40. Kb3 Bf4 41. Qd3 Be5 42. Rc1 Bd7 43. a4 Be8 44. Ne3 Bg6 45. Qd2 Bf4 46. Re1 e5 47. Qe2 Bf7 48. Nf5 d4+ 49. Kb2 dxc3+ 50. Kc2 Qe6 51. Nd4 Qa2+ 52. Kd3 Bc4+ 0-1

[Event "OLNW 2324 Hamelner SV - Braunschweig Gli"]
[Site "?"]
[Date "2024.04.28"]
[Round "9.7"]
[White "Hagemann, Sven"]
[Black "Schmidt, Dennis"]
[Result "1-0"]
[WhiteElo "1985"]
[BlackElo "2037"]
[PlyCount "83"]
[EventDate "2024.??.??"]

1. e4 c5 2. Nf3 d6 3. d4 cxd4 4. Nxd4 Nf6 5. Nc3 e6 6. g4 h6 7. h4 Nc6 8. Rg1 d5 9. Bb5 Bd7 10. exd5 Nxd5 11. Nxd5 exd5 12. Qe2+ Qe7 13. Be3 Nxd4 14. Bxd7+ Kxd7 15. Bxd4 Re8 16. Be3 Qb4+ 17. c3 Qc4 18. Qxc4 dxc4 19. O-O-O+ Kc6 20. a4 a6 21. a5 Bc5 22. Bxc5 Kxc5 23. Rd7 Re2 24. Rgd1 Rhe8 25. Rc7+ Kb5 26. Rxb7+ Kc6 27. Rxf7 Rb8 28. Rd2 Re1+ 29. Kc2 Ra1 30. Rxg7 Re8 31. Rg6+ Kc5 32. Rgd6 Re5 33. f4 Re2 34. Rc6+ Kxc6 35. Rxe2 Rh1 36. Re6+ Kd5 37. Rxh6 Ke4 38. h5 Rh2+ 39. Kb1 Kxf4 40. Rg6 Rh1+ 41. Ka2 Ke4 42. Rd6 1-0